| 000 | 01426nam a22002537a 4500 | ||
|---|---|---|---|
| 003 | EC-GqESP | ||
| 005 | 20260603144503.0 | ||
| 008 | 260521b |||||||| |||| 00| 0 eng d | ||
| 041 | _aspa | ||
| 082 |
_a378.005 _pUNI |
||
| 110 | _aUniversidad del Azuay | ||
| 245 | _aUniversidad verdad : revista de la Universidad del Azuay : administración 40 años | ||
| 260 |
_aCuenca _bUniversidad del Azuay _c2011 |
||
| 300 |
_a263 páginas _c21.30 cm. _bilustraciones |
||
| 500 | _ano. 56 (diciembre 2011). ISSN: 13902849. | ||
| 504 | _aIncluye referencias bibliográficas al final de cada artículo. | ||
| 520 | _aEdición especial de carácter histórico y profesional conmemorativa por el 40 aniversario de la Facultad de Ciencias de la Administración de la Universidad del Azuay. Este volumen que reúne ensayos científicos, estudios de mercado y análisis teóricos sobre la evolución de la gestión empresarial, la economía local, las finanzas públicas, la contabilidad y el desarrollo administrativo en el Ecuador, celebrando las cuatro décadas de la facultad. | ||
| 650 | _aEducación superior - Investigaciones - Ecuador | ||
| 650 | _aEconomía de la empresa - Investigaciones | ||
| 650 | _aUniversidad del Azuay - Facultad de Ciencias de la Administración - Historia | ||
| 650 | _aAdministración de empresas - Estudio y enseñanza superior | ||
| 650 | _aGestión empresarial - Ecuador | ||
| 942 | _c01 | ||
| 999 |
_c238392 _d238392 |
||